=LDR 00000nam 2200000 4500 =001 NUTBA000000000001175 =005 20140415132627.0 =006 =007 =008 =020 ##$$a 979-763-973-8 =035 ##$$a 0010-041400000000445 =040 ##$$a Ind =082 ##$$a 658.31 =090 ##$$a 658.31$bSuk p =100 ##$$a Sukartono, magdalene =245 ##$$a Pernik-pernik SDM dan dunia kerja dari dahsyat sampai mak nyessss...$cMagdalena sukartono =250 ##$$a Cet.1 =260 ##$$a Yogyakarta$bAndi$c2008. =300 ##$$a Vii, 279 HLm$bIlus$c21 cm. =850 ##$$a NBPNMAT =990 ##$$a 21110756 =990 ##$$a 93937/BPAP-NTB/2014